A propagandista hitele, tekintélye
Elmentve itt :
| Szerző: | |
|---|---|
| Dokumentumtípus: | Cikk |
| Megjelent: |
1982-04-20
|
| Sorozat: | Délmagyarország
72 No. 91 |
| Kulcsszavak: | Kómár János |
| Online Access: | http://dmarchiv.bibl.u-szeged.hu/96007 |
| LEADER | 00450nab a2200157 i 4500 | ||
|---|---|---|---|
| 001 | delm96007 | ||
| 005 | 20190624135437.0 | ||
| 008 | 190624s1982 hu o 0|| hun d | ||
| 040 | |a SZTE Délmagyarország Archívum |b hun | ||
| 041 | |a hun | ||
| 100 | 1 | |a Lődi Ferenc | |
| 245 | 1 | 2 | |a A propagandista hitele, tekintélye |h [elektronikus dokumentum] / |c Lődi Ferenc |
| 260 | |c 1982-04-20 | ||
| 300 | |a 4 | ||
| 490 | 0 | |a Délmagyarország |v 72 No. 91 | |
| 695 | |a Kómár János | ||